000 00889nam a2200313 a 4500
003 AR-BaBNM
005 20251128204852.0
008 082120s2002 ||||||||||||||000 | spa||
020 _a950-25-0088-1
040 _cAR-BaBNM
100 1 _aChávez, Fermín
245 0 0 _aPerón y el justicialismo
260 _aBuenos Aires
_bCentro Editor de América Latina
_c1984
300 _a161 p.
490 0 _aBiblioteca política argentina
_vv. 89
500 _aContiene fragmentos de diferentes escritos de Juan Domingo Perón
600 0 4 _aPerón
_d1946-1951
600 0 4 _aPerón
_d1952-1955
610 2 4 _aPartido Justicialista
650 4 _aHISTORIA ARGENTINA
650 4 _aHISTORIA POLITICA
650 4 _aPOLITICA
650 4 _a17 DE OCTUBRE DE 1945
651 4 _aArgentina
653 _aPERONISMO
800 1 _aTroncoso, Oscar
_edirector
942 _cBK
998 _cEnrique
999 _c9116
_d9116